000 00345nam a2200133Ia 4500
008 210210b1991 xxu||||| |||| 00| 0 eng d
082 _a001.61 ANTC
100 _aANTURKAR (M R).
245 _aCases in systems analysis.
260 _aPune
_bPune Vidyarthi Griha Prakashan
_c1991
300 _a138
690 _aComputer Science
906 _a047790
999 _c96709
_d96709